000 01046nam a2200313 i 4500
003 EG-GICUC
005 20260426064822.0
008 260426s1913 nyua|||fr|||| 001 0 eng d
040 _aEG-GiCUC
_beng
_cEG-GiCUC
_dEG-GiCUC
_erda
041 _aeng
082 0 4 _221
_a343.661
_bBA . Y
092 0 4 _221
099 _aLaw1 10 343.661 BA . Y 1913
100 1 _aBarnett, Mary G.
_eAuthor.
245 1 0 _aYoung Delinquents :
_bA Study Of Reformatory And Industrial Schools /
_cBy Mary G. Barnett ; WITH AN INTRODUCTION BY THE RIGHT HON. SIR JOHN GORST
264 1 _aLondon :
_bMethuen & CO. LTD,
_c1913.
300 _a222 pages :
_billustrations,
_c24 cm
336 _2rda content
_atext
337 _2rda media
_aComputer
338 _2rda carrier
_aOnline Resource
500 _aInclude Index
546 _aText in English
650 1 4 _aJuvenile criminals
_2qrmak
650 1 4 _aInternational criminal law
651 1 _2qrmak
856 4 0 _uhttps://fll.law.cu.edu.eg/fulltext/bks/B10-11073.pdf
905 _a161
942 _2ddc
_cBK
_e21
_n0
999 _c73376
_d73376